| 000 | 01670cam a22004575i 4500 | ||
|---|---|---|---|
| 001 | ocn148662904 | ||
| 003 | EG-ScBUE | ||
| 005 | 20230104112811.0 | ||
| 006 | m||||fq||h 00| 0 | ||
| 008 | 070302t2007 ne a f 000 0 eng d | ||
| 020 | _a9789057681073 | ||
| 040 |
_aBTCTA _beng _erda _cBTCTA _dBAKER _dSINLB _dYDXCP _dNLGGC _dUVV _dIUL _dEG-ScBUE |
||
| 041 | 0 |
_aeng _ager _afre _aspa _aita _apor _arus _ajpn _achi |
|
| 082 | 0 | 4 |
_222 _a745.7 _bMAR |
| 245 | 0 | 0 |
_aMarbled paper design = _bPapel marmoreado = Les papiers marbrés = Marmorpapier = Papel de aguas = Carte marmorizzate = Da li shi wen zhi ... / _c[design & text Pepin van Roojan] |
| 246 | 3 | 1 | _aPapel marmoreado |
| 246 | 3 | 1 | _aLes papiers marbrés |
| 246 | 3 | 1 | _aMarmorpapier |
| 246 | 3 | 1 | _aPapel de aguas |
| 246 | 3 | 1 | _aCarte marmorizzate |
| 246 | 3 | 1 | _aDa li shi wen zhi |
| 264 | 1 |
_aAmsterdam : _bPepin Press, _c[2007] |
|
| 264 | 4 | _cc2007 | |
| 300 |
_a144 pages : _billustrations ; _c22 cm. + _e1 CD |
||
| 336 |
_2rdacontent _asounds _bsnd |
||
| 336 |
_2rdacontent _atext _btxt |
||
| 337 |
_2rdamedia _aaudio _bs |
||
| 337 |
_2rdamedia _aunmediated _bn |
||
| 338 |
_2rdacarrier _avolume _bnc |
||
| 338 |
_2rdacarrier _acomputer disc _bcd |
||
| 490 | 0 | _aAgile rabbit editions | |
| 500 | _aParallel title also in Russian and Japanese. | ||
| 546 | _aText in English, German, French, Spanish, Italian, Portugese, Russian, Japanese and Chinese. | ||
| 650 | 7 |
_aMarbled papers _vPictorial works. _2BUEsh |
|
| 650 | 7 |
_aMarbling (Bookbinding) _vPictorial works. _2BUEsh |
|
| 651 | _2BUEsh | ||
| 653 |
_bCOMAME _cNovember2017 |
||
| 655 | _vReading book | ||
| 700 | 1 |
_aRoojen, Pepin van, _edesigner. |
|
| 942 |
_2ddc _cBB |
||
| 999 |
_c25666 _d25638 |
||